00867 2200325 4500001002100000005001500021007000300036008004100039020001800080035002000098040001700118041000800135082001100143084001700154090002200171100003500193245002900228250001200257264004100269300003800310336002100348337003000369338002300399500002400422504002900446650001200475850001000487990002200497990002200519INLIS00000000000560420260501084221ta260501 0  a979-518-649-3 a0010-0222000694 aSBPUPADbind aind a297.62 a297.62 INU a a297.66 ABU m 5-100 aInu Kencana SyafiieePengarang1 aAlquran Dan Ilmu Politik a.-Cet 1 a.--Jakarta :bPT Rineka Cipta,c1996 axi,473 hal. :bIlus ;c20,5x14 cm 2rdacontentaTeks 2rdamediaaTanpa Perantara 2rdacarrieraVolume aIndeks hal, 465-473 abibliografi, hal 459-464 4aPolitik aPUPAD a1418/H/ARPUS/2007 a1418/H/ARPUS/2007